| 000 | 00727cab a2200253 4500 | ||
|---|---|---|---|
| 001 | WB2935-13 | ||
| 008 | 090401t1993 xxu||||| |||| 00| 0 eng d | ||
| 035 | _a(Sirsi) u31174 | ||
| 041 | _aeng | ||
| 100 | _aMacdonagh, Lesley | ||
| 245 | _aBalancing benefits and costs | ||
| 260 | _c1993 | ||
| 350 | _a0 | ||
| 490 |
_aCSW - The Property Week _v44(12) 23 September 1993, 55-56(1) |
||
| 520 | _aThe Government has issued a consultation paper on sustainable development. | ||
| 650 | _aCONSULTATION PAPERS | ||
| 650 | _aCONTAMINATED LAND | ||
| 650 | _aECONOMICS | ||
| 650 | _aGREEN ISSUES | ||
| 650 | _aSUSTAINABLE DEVELOPMENT | ||
| 690 | _aENVIRONMENTAL AND LAND CONSULTANCY | ||
| 942 | _n0 | ||
| 948 | _c04/03/1997 | ||
| 999 |
_c20940 _d20940 |
||